The economics of property rights (Record no. 396638)

MARC details
000 -LEADER
fixed length control field 00642nam a2200205Ia 4500
008 - FIXED-LENGTH DATA ELEMENTS--GENERAL INFORMATION
fixed length control field 191130s2001##################000#0#eng##
020 ## - INTERNATIONAL STANDARD BOOK NUMBER
ISBN 9781840642322
082 ## - DEWEY DECIMAL CLASSIFICATION NUMBER
Classification number 330.17 PEJ
245 ## - TITLE STATEMENT
Title The economics of property rights
Statement of responsibility, etc edited by Svetozar Pejovich
260 ## - PUBLICATION, DISTRIBUTION, ETC. (IMPRINT)
Place of publication Cheltenham, UK ; Northampton, MA
Name of publisher Edward Elgar Pub
Year of publication 2001
300 ## - PHYSICAL DESCRIPTION
Number of Pages 2 v. : ill. ; 25 cm
500 ## - GENERAL NOTE
General note Includes bibliographical references and indexes
650 ## - SUBJECT ADDED ENTRY--TOPICAL TERM
Topical Term Right of property
700 ## - ADDED ENTRY--PERSONAL NAME
Personal name Pejovich, Svetozar
991 ## -
-- 425310

No items available.

Find us on the map